<?xml version="1.0" encoding="UTF-8"?>
<collection xmlns="http://www.loc.gov/MARC21/slim">
 <record>
  <leader>02975pam a22003258a 4500</leader>
  <controlfield tag="001">00031203</controlfield>
  <controlfield tag="005">20171026081025.0</controlfield>
  <controlfield tag="008">130926s2013                  ||||||viesd</controlfield>
  <datafield tag="020" ind1="#" ind2="#">
   <subfield code="c">0</subfield>
  </datafield>
  <datafield tag="041" ind1="0" ind2="#">
   <subfield code="a">vie</subfield>
  </datafield>
  <datafield tag="082" ind1="1" ind2="4">
   <subfield code="a">796.07</subfield>
   <subfield code="b">CH527Đ</subfield>
  </datafield>
  <datafield tag="245" ind1="1" ind2="0">
   <subfield code="a">Chuyên đề bồi dưỡng giáo viên trung học phổ thông môn giáo dục thể chất</subfield>
  </datafield>
  <datafield tag="260" ind1="#" ind2="#">
   <subfield code="b">Đại học quốc gia Hà Nội</subfield>
   <subfield code="c">2013</subfield>
   <subfield code="a">Hà Nội</subfield>
  </datafield>
  <datafield tag="300" ind1="#" ind2="#">
   <subfield code="a">141 tr.</subfield>
   <subfield code="c">27 cm.</subfield>
  </datafield>
  <datafield tag="500" ind1="#" ind2="#">
   <subfield code="a">Đầu bìa sách ghi: Bộ Giáo dục và Đào tạo MOET. Ngân hàng phát triển Châu Á ADB . Dự án PT GV THPT&amp;TCCN- Trường Đại học Sư phạm, Đại học Huế</subfield>
  </datafield>
  <datafield tag="653" ind1="#" ind2="#">
   <subfield code="a">Chuyên đề bồi dưỡng</subfield>
  </datafield>
  <datafield tag="653" ind1="#" ind2="#">
   <subfield code="a">Giáo dục thể chất</subfield>
  </datafield>
  <datafield tag="653" ind1="#" ind2="#">
   <subfield code="a">Trung học phổ thông</subfield>
  </datafield>
  <datafield tag="653" ind1="#" ind2="#">
   <subfield code="a">Giáo viên</subfield>
  </datafield>
  <datafield tag="852" ind1="#" ind2="#">
   <subfield code="b">Kho giáo trình</subfield>
   <subfield code="j">KGT.0042027, KGT.0042028, KGT.0042029, KGT.0042030, KGT.0042031, KGT.0042032, KGT.0042033, KGT.0042034, KGT.0042035, KGT.0042036, KGT.0042037, KGT.0042038, KGT.0042039, KGT.0042040, KGT.0042041, KGT.0042042, KGT.0042043, KGT.0042044, KGT.0042045, KGT.0042046, KGT.0042047, KGT.0042048, KGT.0042049, KGT.0042050, KGT.0042051, KGT.0042052, KGT.0042053, KGT.0042054, KGT.0042055, KGT.0042056, KGT.0042057, KGT.0042058, KGT.0042059, KGT.0042060, KGT.0042061, KGT.0042062, KGT.0042063, KGT.0042064, KGT.0042065, KGT.0042066, KGT.0042067, KGT.0042068, KGT.0042069, KGT.0042070, KGT.0042071, KGT.0042072, KGT.0042073, KGT.0042074, KGT.0042075, KGT.0042076, KGT.0042077, KGT.0042078, KGT.0042079, KGT.0042080, KGT.0042081, KGT.0042082, KGT.0042083, KGT.0042084, KGT.0042085, KGT.0042086, KGT.0042087, KGT.0042088, KGT.0042089, KGT.0042090, KGT.0042091, KGT.0042092, KGT.0042093, KGT.0042094, KGT.0042095</subfield>
  </datafield>
  <datafield tag="852" ind1="#" ind2="#">
   <subfield code="b">Kho mượn</subfield>
   <subfield code="j">KGT.0042027</subfield>
  </datafield>
  <datafield tag="852" ind1="#" ind2="#">
   <subfield code="j">KGT.0042028</subfield>
   <subfield code="j">KGT.0042029</subfield>
   <subfield code="j">KGT.0042031</subfield>
   <subfield code="j">KGT.0042032</subfield>
   <subfield code="j">KGT.0042034</subfield>
   <subfield code="j">KGT.0042035</subfield>
   <subfield code="j">KGT.0042037</subfield>
   <subfield code="j">KD.0014987</subfield>
   <subfield code="j">KGT.0042082</subfield>
   <subfield code="j">KGT.0042083</subfield>
   <subfield code="j">KGT.0042084</subfield>
   <subfield code="j">KGT.0042085</subfield>
   <subfield code="j">KGT.0042087</subfield>
   <subfield code="j">KGT.0042088</subfield>
   <subfield code="j">KGT.0042090</subfield>
   <subfield code="j">KGT.0042091</subfield>
   <subfield code="j">KGT.0042093</subfield>
   <subfield code="j">KGT.0042094</subfield>
   <subfield code="j">KGT.0042043</subfield>
   <subfield code="j">KGT.0042053</subfield>
   <subfield code="j">KGT.0042054</subfield>
   <subfield code="j">KGT.0042062</subfield>
   <subfield code="j">KGT.0042072</subfield>
   <subfield code="j">KGT.0042040</subfield>
   <subfield code="j">KGT.0042041</subfield>
   <subfield code="j">KGT.0042042</subfield>
   <subfield code="j">KGT.0042046</subfield>
   <subfield code="j">KGT.0042047</subfield>
   <subfield code="j">KGT.0042049</subfield>
   <subfield code="j">KGT.0042050</subfield>
   <subfield code="j">KGT.0042052</subfield>
   <subfield code="j">KGT.0042055</subfield>
   <subfield code="j">KGT.0042057</subfield>
   <subfield code="j">KGT.0042059</subfield>
   <subfield code="j">KGT.0042060</subfield>
   <subfield code="j">KGT.0042064</subfield>
   <subfield code="j">KGT.0042065</subfield>
   <subfield code="j">KGT.0042067</subfield>
   <subfield code="j">KGT.0042068</subfield>
   <subfield code="j">KGT.0042070</subfield>
   <subfield code="j">KGT.0042073</subfield>
   <subfield code="j">KGT.0042075</subfield>
   <subfield code="j">KGT.0042076</subfield>
   <subfield code="j">KGT.0042078</subfield>
   <subfield code="j">KGT.0042079</subfield>
   <subfield code="j">KGT.0042027</subfield>
   <subfield code="j">KGT.0042030</subfield>
   <subfield code="j">KGT.0042033</subfield>
   <subfield code="j">KGT.0042036</subfield>
   <subfield code="j">KGT.0042038</subfield>
   <subfield code="j">KGT.0042039</subfield>
   <subfield code="j">KGT.0042044</subfield>
   <subfield code="j">KGT.0042045</subfield>
   <subfield code="j">KGT.0042048</subfield>
   <subfield code="j">KGT.0042051</subfield>
   <subfield code="j">KGT.0042056</subfield>
   <subfield code="j">KGT.0042058</subfield>
   <subfield code="j">KGT.0042061</subfield>
   <subfield code="j">KGT.0042063</subfield>
   <subfield code="j">KGT.0042066</subfield>
   <subfield code="j">KGT.0042069</subfield>
   <subfield code="j">KGT.0042071</subfield>
   <subfield code="j">KGT.0042074</subfield>
   <subfield code="j">KGT.0042077</subfield>
   <subfield code="j">KGT.0042080</subfield>
   <subfield code="j">KGT.0042081</subfield>
   <subfield code="j">KGT.0042086</subfield>
   <subfield code="j">KGT.0042089</subfield>
   <subfield code="j">KGT.0042092</subfield>
   <subfield code="j">KGT.0042095</subfield>
  </datafield>
  <datafield tag="852" ind1="#" ind2="#">
   <subfield code="b">Kho đọc</subfield>
   <subfield code="j">KD.0014987</subfield>
  </datafield>
  <datafield tag="910" ind1=" " ind2=" ">
   <subfield code="d">9/2013</subfield>
  </datafield>
  <datafield tag="980" ind1="#" ind2="#">
   <subfield code="a">Trung tâm Học liệu Lê Vũ Hùng, Trường Đại học Đồng Tháp</subfield>
  </datafield>
 </record>
</collection>
